Engaging Silence, Climbing Mt. Tabor: (Record no. 5334)

MARC details
000 -LEADER
fixed length control field 00756nam a22001697a 4500
003 - CONTROL NUMBER IDENTIFIER
control field URS
005 - DATE AND TIME OF LATEST TRANSACTION
control field 20220117120729.0
008 - FIXED-LENGTH DATA ELEMENTS--GENERAL INFORMATION
fixed length control field 190711s2015 ph a|||| |||| 000 0 eng |
040 ## - CATALOGING SOURCE
Transcribing agency URS
Description conventions rda
100 ## - MAIN ENTRY--PERSONAL NAME
Personal name Mozol Al
110 ## - MAIN ENTRY--CORPORATE NAME
Corporate name or jurisdiction name as entry element JR Gatpolintan, M.D
245 ## - TITLE STATEMENT
Title Engaging Silence, Climbing Mt. Tabor:
Remainder of title Faith-life Meditations/
260 ## - PUBLICATION, DISTRIBUTION, ETC.
Place of publication, distribution, etc. West Avenue, Quezon City
Name of publisher, distributor, etc. Great Books Trading
Date of publication, distribution, etc. ©[2015]
300 ## - PHYSICAL DESCRIPTION
Extent 276
Other physical details illustration
Size of unit 22 cm.
524 ## - PREFERRED CITATION OF DESCRIBED MATERIALS NOTE
Preferred citation of described materials note Mendoza Jr. V. S. (2015) Arigatou:Ang Pag-aaral ng Wika at Kulturang Hapones Gamit ang Wikang Filipino/ Barangka Drive, Mandaluyong City.Books Atbp. Publishing Corp. Mozol A. Engaging Silence, Climbing Mt. Tabor: Faith-life Meditations/ West Avenue, Quezon City Great Books Trading.
942 ## - ADDED ENTRY ELEMENTS (KOHA)
Source of classification or shelving scheme Library of Congress Classification
Koha item type Foreign Books
Holdings
Withdrawn status Source of classification or shelving scheme Materials specified (bound volume or other part) Damaged status Not for loan Collection code Home library Current library Shelving location Date acquired Total Checkouts Barcode Date last seen Price effective from Koha item type
  Dewey Decimal Classification Purchased   Ordered Non-fiction Antipolo College Library Antipolo College Library On Display 07/11/2019   URSANT-5015 07/11/2019 07/11/2019 Foreign Books
  Dewey Decimal Classification Purchased   Ordered Non-fiction Antipolo College Library Antipolo College Library On Display 07/11/2019   URSANT-5016 07/11/2019 07/11/2019 Foreign Books
  Dewey Decimal Classification Purchased   Ordered Non-fiction Antipolo College Library Antipolo College Library On Display 07/11/2019   URSANT-5017 07/11/2019 07/11/2019 Foreign Books

University of Rizal System
Email us at univlibservices@urs.edu.ph

Visit our Website www.urs.edu.ph/library